Loading...

Sooranaattu Kunhan Pilla

Bibliographic Details
Main Author: Sankaran Namboothiri, K
Format: Printed Book
Published: 1983
LEADER 003580000a22001090004500
040 |a MAL 
082 |a 928 KUN 1 32 M3 
100 |a Sankaran Namboothiri, K 
245 |a Sooranaattu Kunhan Pilla 
260 |c 1983 
999 |c 26689  |d 26689 
952 |0 0  |1 0  |4 0  |6 928_KUN_100000000000000_32_M3  |7 0  |8 MAL  |9 26525  |a MGUL  |b MGUL  |d 2013-07-16  |l 0  |o 928 KUN 1 32 M3  |p 09728  |r 2013-07-16  |w 2013-07-16  |y BK